Guildes d'Horizon (Noob/Olydri) - Statistiques

Statistiques générales
  • Ce quiz a été pris 33 fois
  • Le résultat moyen est 7 sur 16
Statistiques - réponses
Hint Réponse % Correct
Empire Noob
100%
Empire Justice
96%
Coalition Roxxor
84%
Ordre Pro Game Master
72%
Coalition Player Killers
64%
Ordre Traqueurs de Reliques
60%
Coalition Adorateurs de Gaea
56%
Sans-faction Rush
48%
Coalition Bois Mort
20%
Coalition Ombre Hurlante
16%
Empire Sphéria
16%
Coalition Twink
16%
Empire Armàda
12%
Empire Maîtres de l'Univers
4%
Coalition Pyrobarbares
4%
Coalition Vide-Greniers
4%
Aucun quiz correspondant
Distribution des résultats
% des personnes avec chaque résultat
Percentile par nombre de réponses
Votre historique - résultats
Vous n’avez pas pris ce quiz